LEADER 04803nam 2200733 a 450 001 9910464236103321 005 20200520144314.0 010 $a3-11-092324-6 024 7 $a10.1515/9783110923247 035 $a(CKB)3360000000338174 035 $a(EBL)3040206 035 $a(SSID)ssj0000750871 035 $a(PQKBManifestationID)11420453 035 $a(PQKBTitleCode)TC0000750871 035 $a(PQKBWorkID)10751132 035 $a(PQKB)11608891 035 $a(MiAaPQ)EBC3040206 035 $a(DE-B1597)56781 035 $a(OCoLC)840436533 035 $a(OCoLC)948656490 035 $a(DE-B1597)9783110923247 035 $a(Au-PeEL)EBL3040206 035 $a(CaPaEBR)ebr10585189 035 $a(OCoLC)923706021 035 $a(EXLCZ)993360000000338174 100 $a20060210d2006 uy 0 101 0 $aeng 135 $aur|n|---||||| 181 $ctxt 182 $cc 183 $acr 200 00$a'Along the routes to power'$b[electronic resource] $eexplorations of empowerment through language /$fedited by Martin Pu?tz, Joshua A. Fishman, JoAnne Neff-van Aertselaer 210 $aBerlin ;$aNew York $cMouton de Gruyter$dc2006 215 $a1 online resource (448 p.) 225 0 $aContributions to the Sociology of Language [CSL] ;$v92 225 0$aContributions to the sociology of language,$x1861-0676 ;$v92 300 $aDescription based upon print version of record. 311 $a3-11-018599-7 320 $aIncludes bibliographical references and index. 327 $asection 1. Theoretical perspectives : linguistic empowerment and language choices -- section 2. Language policy and language planning : empowering speakers of minority languages in communities and institutions -- section 3. The language empowerment discourse : case studies of language policy and language planning in Africa. 330 $aThe present volume grew out of the 30th International LAUD Symposium, held on April 19-22, 2004 at the University of Koblenz-Landau in Landau, Germany. The conference, "Empowerment through Language", was centrally concerned with the concept of power and/or empowerment as observed in the status and use of language(s) and their speakers in bilingual and multilingual communities. The book discusses the theoretical issues inherent in the relation between language and power, the empowerment strategies involved in language policy and language planning situations, and the issue of language endangerment in Africa, i.e., the fate of minority languages and their speakers and the sociopolitical factors perpetuating their exclusion from access to knowledge and skills. The volume constitutes a collection of papers by prominent linguists from many countries who explore the exciting interdisciplinary area of language, power, and linguistic empowerment. Broadly speaking, the papers focus on the theoretical and sociolinguistic problems related to the role of power in language policy and language planning situations in multilingual settings, language choices, code switches, and associated topics. Thus, the aim of the volume is to open up language policy and language planning issues as observed in multilingual contexts (nations, institutions, other settings, and domains) to the wider community of critical sociolinguistics by concentrating on the relationship between language and power. More particularly, it offers a decidedly sociolinguistic perspective to the study of language and power, which likewise has been tackled from other perspectives in the areas of sociology and political science. This interdisciplinary relationship is important both for linguistics and for the sociology of language. In this way, the book is an important contribution to general linguistics, sociolinguistics, minority issues in multilingual settings as well as the social sciences. In honor of his upcoming 80th birthday (2006) , Fishman's colleagues and former students are preparing five volumes by him or about him, this being one of them. 410 0$aContributions to the sociology of language ;$v92. 606 $aSociolinguistics 606 $aSociolinguistics$zAfrica 606 $aPower (Social sciences) 606 $aLanguage policy 606 $aLanguage planning 608 $aElectronic books. 615 0$aSociolinguistics. 615 0$aSociolinguistics 615 0$aPower (Social sciences) 615 0$aLanguage policy. 615 0$aLanguage planning. 676 $a306.44 701 $aPu?tz$b Martin$f1955-$0388884 701 $aFishman$b Joshua A$0127036 701 $aNeff-van Aertselaer$b JoAnne$01043514 801 0$bMiAaPQ 801 1$bMiAaPQ 801 2$bMiAaPQ 906 $aBOOK 912 $a9910464236103321 996 $aAlong the routes to power$92481992 997 $aUNINA LEADER 03084nam 2200805 a 450 001 9910791944903321 005 20200520144314.0 010 $a1-84779-645-1 010 $a1-78170-144-X 010 $a1-84779-218-9 024 7 $a10.7765/9781847792181 035 $a(CKB)2560000000085794 035 $a(EBL)1069551 035 $a(OCoLC)818847257 035 $a(SSID)ssj0000712861 035 $a(PQKBManifestationID)12322463 035 $a(PQKBTitleCode)TC0000712861 035 $a(PQKBWorkID)10649336 035 $a(PQKB)11219301 035 $a(StDuBDS)EDZ0000086885 035 $a(OCoLC)1132654687 035 $a(MdBmJHUP)muse78095 035 $a(Au-PeEL)EBL1069551 035 $a(CaPaEBR)ebr10623350 035 $a(MiAaPQ)EBC1069551 035 $a(DE-B1597)660106 035 $a(DE-B1597)9781847792181 035 $a(EXLCZ)992560000000085794 100 $a20090415d2008 uy 0 101 0 $aeng 135 $aur|n|---||||| 181 $ctxt 182 $cc 183 $acr 200 10$aTime and world politics$b[electronic resource] $ethinking the present /$fKimberly Hutchings 210 $aManchester ;$aNew York $cManchester University Press $cDistributed exclusively in the USA by Palgrave Macmillan$dc2008 215 $a1 online resource (209 p.) 225 0 $aReappraising the Political 225 0$aReappraising the political 300 $aDescription based upon print version of record. 311 $a0-7190-7302-2 320 $aIncludes bibliographical references and index. 327 $apt. I. Theories of world-political time -- pt. II. Diagnosing the times. 330 $aThis book offers the first authoritative guide to assumptions about time in theories of contemporary world politics. It demonstrates how predominant theories of the international or global 'present' are affected by temporal assumptions, grounded in western political thought, that fundamentally shape what we can and cannot know about world politics today. The first part of the book traces the philosophical roots of assumptions about time in contemporary political theory. The second part examines contemporary theories of world politics, including liberal and realist International Relations theor 410 0$aReappraising the political. 606 $aPolitical science$xPhilosophy 606 $aTime 606 $aWorld politics 610 $aDeleuze. 610 $aDerrida. 610 $aInternational Relations. 610 $aassumptions about time. 610 $apolitical temporality. 610 $apolitical time. 610 $apost-Cold War. 610 $awestern political thought. 610 $aworld history. 610 $aworld politics. 615 0$aPolitical science$xPhilosophy. 615 0$aTime. 615 0$aWorld politics. 676 $a320.01 700 $aHutchings$b Kimberly$f1960-$0762161 801 0$bMiAaPQ 801 1$bMiAaPQ 801 2$bMiAaPQ 906 $aBOOK 912 $a9910791944903321 996 $aTime and world politics$93868055 997 $aUNINA